LIBRARY & INFORMATION CENTRE, KCAET, TAVANUR

ONLINE PUBLIC ACCESS CATALOGUE (OPAC)

Soils and the environment an Introduction / (Record no. 3000)

MARC details
000 -LEADER
fixed length control field 00399cam a2200157ua 4500
003 - CONTROL NUMBER IDENTIFIER
control field OSt
008 - FIXED-LENGTH DATA ELEMENTS--GENERAL INFORMATION
fixed length control field 240220b |||||||| |||| 00| 0 eng d
041 ## - LANGUAGE CODE
Language code of text/sound track or separate title eng
082 ## - DEWEY DECIMAL CLASSIFICATION NUMBER
Classification number 631.4
Item number WIL/SO
100 ## - MAIN ENTRY--AUTHOR NAME
Personal name Wild, Alan .
245 ## - TITLE STATEMENT
Title Soils and the environment an Introduction /
250 ## - EDITION STATEMENT
Edition statement 1 /
260 ## - PUBLICATION, DISTRIBUTION, ETC. (IMPRINT)
Place of publication :
Name of publisher Cambridge at the University Press ,
Year of publication 1993.
300 ## - PHYSICAL DESCRIPTION
Number of Pages 288 ; .
942 ## - ADDED ENTRY ELEMENTS (KOHA)
Koha item type Books
Holdings
Withdrawn status Lost status Damaged status Home library Current library Date acquired Full call number Accession Number Koha item type
      KAUAET KAUAET 07/04/2012 631.4 WIL/SO 20509 Books
free website counter